Score 0/20 Timer 06:00
2 Plays Today
% Correct
Lava
90.8%
Core
88.7%
Aeon
85.7%
Mohs
83.6%
Cave
82.8%
Reef
81.6%
Load
80.7%
Surf
77.4%
Soil
74.6%
Rift
73.8%
% Correct
Névé
69.6%
Clay
69.6%
Coal
69.5%
Dome
68.8%
Arch
67.6%
Pipe
66.8%
Well
59.8%
Rock
58.4%
Horn
58.1%
Spit
55.6%
Remove Ads.
Support Sporcle.
Get the best of Sporcle when you Go Orange. This ad-free experience offers more features, more stats, and more fun while also helping to support Sporcle. Thank you for becoming a member.

You're not logged in!

Compare scores with friends on all Sporcle quizzes.
OR
Log In

Sporcle TV

Today on Sporcle TV


Watch our educational content, quiz creation guides, and fun videos on Sporcle TV.

Show Comments

Extras

Top Quizzes Today


Score Distribution

Paid Content

Your Account Isn't Verified!

In order to create a playlist on Sporcle, you need to verify the email address you used during registration. Go to your Sporcle Settings to finish the process.

Report this User

Report this user for behavior that violates our Community Guidelines.

Details: